| 000 | 01682cam a22003731i 4500 | ||
|---|---|---|---|
| 003 | SA-RiAUC | ||
| 005 | 20250824040632.0 | ||
| 008 | 250819s2005 su g b f00000 ara c | ||
| 020 | _z7252009960 | ||
| 020 | _a7252009960 | ||
| 040 |
_aKwSaPAA _erda |
||
| 043 | _aa-su--- | ||
| 050 | 4 | _bS33 2005 | |
| 060 | 0 |
_a025. 52 _bس ص |
|
| 082 | 0 | 4 |
_a020.9531 _qSA-RiAUC |
| 090 |
_a020.9531 _bس ا ل |
||
| 100 | 1 |
_aالسالم، سالم بن محمد ناصر، _d1374 هجري- _eمؤلف. |
|
| 245 | 1 | 0 |
_aصناعة المعلومات في المملكة العربية السعودية / _cسالم بن محمد السالم. |
| 250 | _aالطبعة الأولى. | ||
| 264 | 1 |
_aالرياض : _bمكتبة الملك فهد الوطنية، _c2005 |
|
| 300 |
_a456 صفحة ؛ _c24 سم. |
||
| 336 |
_aنص _btxt _2rdacontent _3كتاب |
||
| 337 |
_aبدون وسيط _bn _2rdamedia |
||
| 338 |
_aمجلد _bnc _2rdacarrier |
||
| 490 | 0 |
_aمطبوعات مكتبة الملك فهد الوطنية ؛ _vالسلسلة الأولى ؛ _v43 |
|
| 504 | _aببليوجرافية : صفحة 243-255. | ||
| 520 | 0 | _aيتناول الكتاب الوضع الراهن لصناعة المعلومات في المملكة العربية السعودية. | |
| 650 | 7 |
_aمراكز المعلومات _zالسعودية _2aucsh |
|
| 650 | 7 |
_aمصادر المعلومات الإلكترونية _zالسعودية _2aucsh |
|
| 650 | 7 |
_aصناعة خدمات المعلومات _zالسعودية _2aucsh |
|
| 650 | 7 |
_aمصادر المعلومات الإلكترونية _zالسعودية _2aucsh |
|
| 942 |
_2ddc _cBOOK _n0 |
||
| 949 |
_aSA-JeALM _d250819 _ueid123 _n1 |
||
| 999 |
_c11053 _d11053 |
||